| 000 | 00342nam a2200109Ia 4500 | ||
|---|---|---|---|
| 008 | 171211s9999 xx 000 0 und d | ||
| 245 | _aFrom a World Apart: A Little Girl in the Concentration Camps | ||
| 245 | _cFrancine Christophe | ||
| 260 | _c2000 | ||
| 650 | _xFamily and Friendship | ||
| 856 | _uhttp://down.ebook777.com/035/080326402X.pdf | ||
| 999 |
_c350247 _d350247 |
||